| 000 | 01177nam a2200289 4500 | ||
|---|---|---|---|
| 001 | 0000023503 | ||
| 003 | CO-CtgCURN | ||
| 005 | 20250331191048.0 | ||
| 007 | ta | ||
| 008 | 160627s2009 000 0 eng d | ||
| 020 | _a9789587049114 | ||
| 040 |
_aCO-CtgCURN _bspa _ccoctgcurn |
||
| 082 | 0 |
_a972.91064 _bC279 |
|
| 100 | 1 | _aCastro, Juanita. | |
| 245 | 1 | 0 |
_aFidel y Raul mis hermanos : _bla historia secreta memorias / _cJuanita Castro. |
| 260 |
_aBogotá : _bAguilar, _c2009. |
||
| 300 | _a429 p. | ||
| 336 | _2rdacontent | ||
| 337 |
_2rdamedia _asin mediacion _bn |
||
| 338 |
_2rdacarrier _avolumen _bnc |
||
| 505 | 8 | _aNuevamente en casa.--Nuestras raices.--Lina y angel.--Una familia de siete hijos.--·Que hubo de malo en eso?.--Fide se casa, se graua y mi papa feliz.--Llegan los nietos.--Isla de pinos: carcel y divorcio.--Soy marxista-Leninista.--Aqui todos son gusanos.--La crisis de los misiles.--De la etapa Belica al Mariel | |
| 600 | 1 | 0 |
_aCastro, Fidel, _d1926-2016. |
| 730 | 0 | _aLa historia secreta : memorias. | |
| 908 | _a160627 | ||
| 942 |
_cBK _h972.91064 _iC279 _2ddc |
||
| 999 |
_c26136 _d26136 |
||